Spiš na mapách Prvé mapy zobrazujúce územie Slovenska v 6. storočí

Bibliographic Details
Main Author: Daniel, Jozef, 1942- (Author)
Format: Article
Language:Slovak
Subjects:

MARC

LEADER 00000nab a2200000 a 4500
001 vtls001014467
003 SK-MaSNL
005 20260304195245.0
008 040720e19960521xo 0 slo
035 |a SN421 
040 |a SNSK  |b slo  |c SNSK  |e AACR2 
041 0 |a slo 
044 |a xo  |c SK 
080 |a 528.9  |2 1981 
080 |a 943.76  |2 1981 
100 1 |a Daniel, Jozef,  |d 1942-  |4 aut  |9 41575 
245 1 0 |a Spiš na mapách  |b Prvé mapy zobrazujúce územie Slovenska v 6. storočí 
650 0 7 |a mapy  |2 SNSK  |9 871 
650 0 7 |a dejiny  |2 SNSK  |9 3825 
651 7 |a Spiš (Slovensko : región)  |2 SNSK  |9 17692 
655 7 |a periodikum  |2 snkbucl  |9 29553 
773 0 8 |t Nové Spišské hlasy  |g Roč. 6, č.21, 21.5.1996, s. 11 
852 |a ZVYKNI  |b KIS3GCP 
999 |c 3080512  |d 3082442